Seminari di Diritto Privato Comparato

Detalles Bibliográficos
Autor principal: Pardolesi, Paolo
Formato: eBook
Lenguaje:italiano
Publicado: Bari: Cacucci Editore, 2011
Materias:
Acceso en línea:Acceso restringido

MARC

LEADER 00000nam a22000007a 4500
005 20181223132445.0
007 cr|||| ||||
008 181223s2011 it |||||s|||| 00||0 ita d
020 |a 9788866110149 
035 |a 22631 
040 |a vLex 
090 |c 8377  |d 8377 
100 1 |a Pardolesi, Paolo 
245 1 0 |a Seminari di Diritto Privato Comparato  |h [Recurso electrn̤ico] /  |c Paolo Pardolesi 
256 |a Servicio en ln̕ea 
260 |a Bari:  |b Cacucci Editore,  |c 2011 
300 |a 1 recurso electrn̤ico 
506 1 |a Disponible solo en los productos indicados  |d vLex Global  |d vLex Global (Academic Edition, excluding Law Schools)  |d vLex Global (U.S. Academic Edition, Law Schools)  |d vLex Global (U.S. Academic Edition, excluding Law Schools)  |d vLex Global (Academic Edition, Law Schools) 
650 0 4 |a Derecho Civil  |z Italia 
740 0 |a vLex Libros (Servicio en ln̕ea) 
856 4 0 |u http://vlex.com/source/seminari-diritto-privato-comparato-22631  |z Acceso restringido 
942 |c BOOK 
999 0 |a Civil Law